00901cam a22002534a 450000500170000000800410001701000140005802000260007203500130009803700150011104000180012608200100014410000180015424500630017226000440023527000580027930000330033750000410037065000220041165000310043394200240046499900170048895201420050520080820115011.0080216s2008 ii b 001 0 eng  aENG-92091 a9788170544637c400.00 aEN-75624 bDBAD / PUB adplbEnglish  a305.4 aPushkar Bala  aEducational mechanisms of working women /cby Pushkar Bala bClassical Publishing c2009aNew Delhi  a28, Shopping Centre, Karam Pura, bNew Delhi e110015 av, 134p.c21cm (Hb) eCD-ROM aIncludes bibliographical references  aWomen xEducation aWomen xSocial conditions. 2ddccENmPUSh305.4 c19607d19607 00102ddc40718NFICaDBADbDBADd2008-12-10eDBAD / PUBg400.00l0o305.4 PUSpEN-75624r2008-12-10 00:00:00t1v400.00w2008-12-10yEN